Louis de Funès et le sport - Statistiques

Statistiques générales
  • Ce quiz a été pris 77 fois
  • Le résultat moyen est 6 sur 16
Statistiques - réponses
Questions Réponses % Correct
Sport typiquement américain auquel s'initie la brigade de Saint-Tropez dans "Le Gendarme à New York". Le base-ball
91%
Programme sportif que Cruchot regarda par le trou de la serrure de l'appartement privé de Gerber pendant que Josépha et Nicole regardaient "l'unique concert du quatuor Carpecque". Du football
78%
Sport que pratiquent des filles sur la plage de Pampelonne, filles à qui Cruchot donne un léger coup de poing dans le dos pour tester s'il s'agit d'extra-terrestres ou non. Le beach volley
72%
Sports "nobles" que Mézeray et Montignac ont pratiqué ensemble pendant le film "Le tatoué". Le judo
69%
Sports "nobles" que Mézeray et Montignac ont pratiqué ensemble pendant le film "Le tatoué". La boxe française (savate)
67%
Sport que Cruchot dit ne pas pratiquer pendant son jour de repos lorsqu'il se fait passer pour le milliardaire Archibald Ferguson, à la demande de sa fille Nicole. Le golf
53%
Coureur cycliste belge à propos duquel Victor Pivert croyait qu'il avait dit : "La révolution, c'est comme une bicyclette. Quand elle n'avance plus, elle tombe" (Les Aventures de Rabbi Jacob"). Eddy Merckx
38%
Sport que pratique Nicole Cruchot (Geneviève Grad) au moment de la fête en l'honneur de la fausse nomination de son père au grade d'adjudant-chef. Le tennis de table
31%
Sports "nobles" que Mézeray et Montignac ont pratiqué ensemble pendant le film "Le tatoué". Le patinage
27%
Types de compétitions de ski pratiquées à Val d'Isère au moment de l'arrivée rocambolesque de M. Septime qui perturbe tout (dans "Le Grand restaurant"). Du ski alpin
23%
"Sport" qu'a pratiqué le comte Enguerrand de Montignac (incarné par Jean Gabin) pendant vingt-cinq ans (dans "Le tatoué"). La guerre
19%
Types de compétitions de ski pratiquées à Val d'Isère au moment de l'arrivée rocambolesque de M. Septime qui perturbe tout (dans "Le Grand restaurant"). Du saut à ski
16%
Film dans lequel Louis de Funès joue le rôle d'Henri Roubier, un industriel et promoteur autoroutier qui a "commencé comme coureur cycliste". Sur un arbre perché
16%
Film dans lequel le personnage de Louis de Funès lance le départ d'une course cycliste. Ni vu, ni connu
14%
Le premier de ces trois sports est également pratiqué par le personnage de Louis de Funès dans "Les bons vivants". Le narrateur, Philippe Castelli, sur un texte de Michel Audiard, décrit ce sport comme un "moyen japonais de rester ____". Jeune
13%
Film dans lequel le personnage de Louis de Funès dit qu'il est "ceinture noire, troisième dan". Taxi, roulotte et corrida
3%
Aucun quiz correspondant
Distribution des résultats
% des personnes avec chaque résultat
Percentile par nombre de réponses
Votre historique - résultats
Vous n’avez pas pris ce quiz